1428 1201 1053 1253 1232 1812 1539 1515 1314 1504 1382 1756 1333 1519 1887 1682 1575 1808 1470 1531 1580 1585 1938 1657 1405 1540 1266 1930 1013 1288 1897 1215 1854 1099 1084 1026 1973 1784 1711 1162 1601 1904 1999 1467 1281 1913 1726 1649 1151 1905 1379 1901 1541 1263 1124 1368 1127 1592 1104 1137 1814 1563 1178 1120 1962 1566 1955 1694 1149 1748 1381 1999 1388 1634 1650 1878 1822 1003 1653 1329 1147 1956 1361 1597 1605 1784 1461 1494 1373 1341 1900 1486 1658 1721 1613 1925 1946 1862 1528 BCNSPRNW ULIB Ver.6.0+V

เปลี่ยนเป็นภาษาไทย

Change to English
 แสดงรายละเอียดบรรณานุกรม
  กลับหน้าหลัก

Brief Record : Get Marc (ISO 2709) : E-mail record : QR code < ปิดหน้าต่าง
LEADER : 00000nam 2200000uu 4500
001    13399108238
003     ULIB
008    110223s2544||||th 000 0 tha d
020    9789746520089
060 04 WR140^bส731ร 2544
100 0  สิริ เชี่ยวชาญวิทย์
245 10 โรคผิวหนังสำหรับเวชปฏิบัติ /^cสิริ เชี่ยวชาญวิทย์,จุฬาภรณ์ พฤกษชาติคุณากร, ไพฑูรย์ ณรงค์ชัย
250    พิมพ์ครั้งที่ 1
260    กรุงเทพฯ :^bบุ๊คเน็ท,^c2544
300    172 หน้า :^bภาพประกอบ (สีบางภาพ) ;^c26 ซม.
650  7 ผิวหนัง, โรค
700 0  จุฬาภรณ์ พฤกษชาติคุณากร
700 0  ไพฑูรย์ ณรงค์ชัย
945    ^p300^l0^i029695
945    ^p300^l0^i029693
945    ^p300^l0^i029691
945    ^p300^l0^i021111
945    ^p300^l0^i021110
945    ^p300^l0^i021108
945    ^p300^l0^i021109
945    ^p300^l0^i029694
945    ^p300^l0^i029692
995    เกษร
999 ^a ใช้งานได้ทุกระบบ
รายการนี้ยังไม่มีแท็ก
คุณยังไม่ได้ล็อกอิน คุณสามารถมีกิจกรรมร่วมกับเว็บไซต์ได้ แต่ต้องล็อกอินก่อน ::
  ล็อกอิน

รายการสื่อสารสนเทศ

ลำดับที่ ประเภท เลขเรียก/บาร์โค้ด สถานที่ สถานะ
- ไม่พบข้อมูล -

รายการใกล้เคียง
    ผู้แต่ง [สิริ เชี่ยวชาญวิทย์]

    หัวเรื่อง [ผิวหนัง, โรค]

BibComment


ยังไม่เคยถูกคอมเมนท์

คอมเมนท์ทรัพยากรรายการนี้
  คอมเมนท์: โรคผิวหนังสำหรับเ..


 Copyright 2026. Bcnsprnw @Library